Energetická náročnost čs. hutnictví železa

Salvato in:
Dettagli Bibliografici
Autore principale: Vrba, Jiří
Altri autori: Papeš, Zdeněk
Natura: Libro
Lingua:ceco
Pubblicazione: Praha Technicko-ekonomický výzkumný ústav hnutnického průmyslu 1988
Edizione:1. vyd.
Serie:Ekonomika hutního průmyslu Sv.201
Tags: Aggiungi Tag
Nessun Tag, puoi essere il primo ad aggiungerne!!

MARC

LEADER 00000nam a2200000 4500
001 c039257
005 20221219085134.8
041 0 |a cze 
044 |a CZ 
245 1 0 |a Energetická náročnost čs. hutnictví železa  |c Jiří Vrba, Zdeněk Papeš 
250 |a 1. vyd. 
264 1 |a Praha  |b Technicko-ekonomický výzkumný ústav hnutnického průmyslu  |c 1988 
300 |a 67 s. 
490 1 |a Ekonomika hutního průmyslu  |v Sv.201 
830 0 |a Ekonomika hutního průmyslu  |v Sv.201 
100 1 |a Vrba, Jiří 
700 1 |a Papeš, Zdeněk